000 00855pam a2200265 a 4500
001 1633394
005 20180223070904.0
008 960322s1996 nyu bd 001 0 eng
010 _a 96007844
020 _a0684195798 (set : alk. paper)
020 _a0684804646 (pt. 1)
020 _a0684804654 (pt. 2)
040 _aDLC
_cDLC
_dDLC
041 _aeng
043 _an-us---
080 _a973/.03 cha
082 0 0 _a973/.03 cha
_220
100 _a16
101 _ahis
245 0 0 _aDictionary of American history.
_pSupplement /
_cRobert H. Ferrell and Joan Hoff, senior editors.
504 _aIncludes bibliographical references and index.
906 _a7
_bcbc
_corignew
_d1
_eocip
_f19
_gy-gencatlg
942 _2ddc
_cBK
999 _c43239
_d43239